[Event "53rd Groningen Open 2015"]
[Site "Groningen NED"]
[Date "2015.12.29"]
[Round "8.17"]
[White "Van Meegen, Ruud"]
[Black "Bezemer, Arno"]
[Result "1/2-1/2"]
[BlackTitle "FM"]
[WhiteElo "2111"]
[BlackElo "2287"]
[WhiteFideId "1034995"]
[BlackFideId "1001396"]
[EventDate "2015.12.21"]

1. e4 c5 2. Nf3 d6 3. d4 cxd4 4. Nxd4 Nf6 5. Nc3 a6 6. Be3 e5 7. Nf3 Be7 8. Bc4
O-O 9. O-O Qc7 10. Bb3 Be6 11. Qe2 b5 12. Nd2 Nbd7 13. Rfd1 b4 14. Nd5 Bxd5 15.
exd5 Nb6 16. Qd3 a5 17. Bxb6 Qxb6 18. Ba4 Ng4 19. Qe2 f5 20. Bd7 g6 21. a3 bxa3
22. Rxa3 Qxb2 23. Nc4 Qb4 24. Bc6 Rab8 25. c3 Qb1 26. h3 Qe4 27. Qxe4 fxe4 28.
hxg4 Rf4 29. Bd7 Bd8 30. g3 Rf3 31. Nxd6 Be7 32. Nc4 Bxa3 33. Nxa3 Rb2 34. Nc4
Rbxf2 35. Be6+ Kg7 36. Nd2 Rf8 37. Nxe4 Re2 38. Nd2 Re3 39. Nf1 Rxc3 40. Re1 a4
41. Rd1 a3 42. d6 Rd8 43. d7 Kf6 44. Rd6 Ke7 45. Ra6 Rf8 46. g5 Rc1 47. Bh3 Ra1
48. Ra4 Kd6 49. Kg2 Ra2+ 50. Kg1 Ra1 1/2-1/2

[Event "53rd Groningen Open 2015"]
[Site "Groningen NED"]
[Date "2015.12.29"]
[Round "8.18"]
[White "Saravanan, V."]
[Black "Boer, Alef"]
[Result "1-0"]
[WhiteTitle "IM"]
[WhiteElo "2283"]
[BlackElo "2125"]
[WhiteFideId "5000580"]
[BlackFideId "1007122"]
[EventDate "2015.12.21"]

1. d4 d5 2. c4 dxc4 3. e3 Be6 4. Nf3 c6 5. Nbd2 Nf6 6. Nxc4 Bd5 7. Bd3 e6 8. O-O
Nbd7 9. Qe2 Be4 10. b3 Be7 11. Bb2 O-O 12. Rad1 Qc7 13. Nfe5 Bxd3 14. Nxd3 a6
15. e4 b5 16. Nd2 Qb6 17. Rc1 Rfc8 18. Qe3 e5 19. Nf3 exd4 20. Nxd4 c5 21. Nf5
Bf8 22. Qh3 c4 23. Nf4 Re8 24. Nd5 Nxd5 25. exd5 Ne5 26. Bd4 Qg6 27. bxc4 bxc4
28. Ne3 Rac8 29. Bxe5 1-0

[Event "53rd Groningen Open 2015"]
[Site "Groningen NED"]
[Date "2015.12.29"]
[Round "8.19"]
[White "Sparenberg, Erik"]
[Black "Den Hartog, Marijn"]
[Result "1-0"]
[WhiteElo "2110"]
[BlackElo "2197"]
[WhiteFideId "1013262"]
[BlackFideId "1046098"]
[EventDate "2015.12.21"]

1. e4 e6 2. d4 d5 3. exd5 exd5 4. Nf3 Nf6 5. Bd3 Bd6 6. O-O O-O 7. Re1 Bg4 8.
Bg5 Nbd7 9. Nbd2 c5 10. c3 c4 11. Bc2 Qc7 12. Nf1 Bh5 13. Ng3 Bxg3 14. hxg3 Bg6
15. Bxf6 Nxf6 16. Bxg6 hxg6 17. Ne5 b5 18. g4 Qb7 19. a3 a5 20. Re3 b4 21. g5
Nh5 22. Qf3 bxa3 23. bxa3 Rfe8 24. g4 Qe7 25. gxh5 Qxg5+ 26. Qg2 Qxg2+ 27. Kxg2
gxh5 28. Rh1 g6 29. Nd7 Rxe3 30. fxe3 Rd8 31. Nb6 Rd6 32. Rb1 g5 33. Rb5 g4 34.
Nxd5 1-0

[Event "53rd Groningen Open 2015"]
[Site "Groningen NED"]
[Date "2015.12.29"]
[Round "8.20"]
[White "Al-Hajiri, Bader"]
[Black "Bollen, Guus"]
[Result "0-1"]
[WhiteTitle "CM"]
[WhiteElo "2183"]
[BlackElo "2135"]
[WhiteFideId "10300163"]
[BlackFideId "1027883"]
[EventDate "2015.12.21"]

1. e4 c5 2. Nf3 d6 3. d4 cxd4 4. Nxd4 Nf6 5. Nc3 a6 6. Bg5 Nbd7 7. a4 Qc7 8. a5
e6 9. Be2 h6 10. Be3 Be7 11. O-O O-O 12. f4 b5 13. axb6 Nxb6 14. Bf3 Rb8 15. Ra2
Nc4 16. Bc1 e5 17. Nb3 Bb7 18. Qe1 Rfd8 19. Kh1 Rbc8 20. Nd5 Nxd5 21. exd5 Nb6
22. Qf2 Nxd5 23. Bg4 Qxc2 24. Bxc8 Rxc8 25. Qxc2 Rxc2 26. Bd2 Nxf4 27. Rc1 Rxc1+
28. Bxc1 Nxg2 29. Ra4 Nf4+ 30. Kg1 Ne2+ 31. Kf2 Nxc1 32. Nxc1 d5 33. Nd3 e4 34.
Nb4 d4 35. Nxa6 d3 36. b4 Bxa6 37. Rxa6 Bxb4 38. Ke3 f5 39. h4 Bc5+ 40. Kd2 h5
41. Re6 Bf2 0-1

[Event "53rd Groningen Open 2015"]
[Site "Groningen NED"]
[Date "2015.12.29"]
[Round "8.21"]
[White "Heemskerk, Wim"]
[Black "Vrolijk, Liam"]
[Result "1/2-1/2"]
[WhiteTitle "FM"]
[WhiteElo "2181"]
[BlackElo "2094"]
[WhiteFideId "1001000"]
[BlackFideId "1048333"]
[EventDate "2015.12.21"]

1. Nf3 Nf6 2. c4 g6 3. g3 b6 4. Bg2 Bb7 5. O-O Bg7 6. d4 O-O 7. d5 Ne4 8. Qc2 f5
9. Nbd2 Nd6 10. e4 e6 11. exf5 exf5 12. Nb3 Na6 13. Nbd4 Nb4 14. Qb3 a5 15. Bf4
Ne4 16. Nb5 Rc8 17. d6 c6 18. Nc3 Nc5 19. Qd1 Ba6 20. Re1 Re8 21. Rxe8+ Qxe8 22.
Bf1 Bb7 23. a3 Nba6 24. Qc2 Ne6 25. Be3 Nac5 26. Rd1 f4 27. Bc1 Qf7 28. Bg2 Rf8
29. Ne2 fxg3 30. hxg3 Qf6 31. Ned4 Nxd4 32. Nxd4 a4 33. Be3 Re8 34. Rd2 Qe5 35.
Rd1 Ra8 36. Bf4 Qf6 37. Rd2 Re8 38. Rd1 Ra8 39. Rd2 1/2-1/2

[Event "53rd Groningen Open 2015"]
[Site "Groningen NED"]
[Date "2015.12.29"]
[Round "8.22"]
[White "Afek, Yochanan"]
[Black "Kokje, Joris"]
[Result "1-0"]
[WhiteTitle "IM"]
[WhiteElo "2267"]
[BlackElo "1975"]
[WhiteFideId "2800462"]
[BlackFideId "1051024"]
[EventDate "2015.12.21"]

1. b3 e5 2. Bb2 Nc6 3. e3 d6 4. d4 exd4 5. exd4 Bf5 6. Bd3 Qg5 7. Nf3 Qe7+ 8.
Be2 Nf6 9. O-O O-O-O 10. Bb5 a6 11. Bxc6 bxc6 12. Qd2 Qe4 13. Ng5 Qg4 14. Nxf7
Re8 15. f3 Qh5 16. Nxh8 Be7 17. Nc3 Rxh8 18. Rae1 Kd7 19. d5 c5 20. Qe2 Qf7 21.
g4 Bg6 22. Qxa6 Nxd5 23. Nxd5 Qxd5 24. Qb5+ 1-0

[Event "53rd Groningen Open 2015"]
[Site "Groningen NED"]
[Date "2015.12.29"]
[Round "8.23"]
[White "Elgersma, Simon"]
[Black "Theulings, Paul-Peter"]
[Result "1/2-1/2"]
[BlackTitle "CM"]
[WhiteElo "2017"]
[BlackElo "2182"]
[WhiteFideId "1046101"]
[BlackFideId "1002899"]
[EventDate "2015.12.21"]

1. e4 Nf6 2. e5 Nd5 3. d4 d6 4. c4 Nb6 5. exd6 exd6 6. Nc3 Be7 7. Bd3 Nc6 8.
Nge2 O-O 9. b3 a5 10. a3 a4 11. b4 d5 12. c5 Nc4 13. Bc2 Bf6 14. Bxa4 Bg4 15.
Bxc6 bxc6 16. O-O Re8 17. Re1 Bh5 18. a4 Bg6 19. Rf1 Qd7 20. Ra2 h6 21. Bf4 Re7
22. Ng3 h5 23. Nge2 Qf5 24. Bc1 h4 25. Nf4 Bh7 26. b5 g5 27. Nfe2 cxb5 28. axb5
Rxa2 29. Nxa2 Bg6 30. Nec3 h3 31. Nb4 hxg2 32. Kxg2 Qe6 33. Nbxd5 Be4+ 34. Nxe4
Qxd5 35. f3 Qxd4 36. Qxd4 Bxd4 37. Rd1 Ne3+ 38. Bxe3 Bxe3 39. Rd8+ Kg7 40. Rd5
Kg6 41. c6 f5 42. Nc3 Bb6 43. Rd7 Re1 44. Rd1 Rxd1 45. Nxd1 Kf6 46. Nc3 Ke6 47.
Na4 Bd4 48. h3 Kd5 49. f4 gxf4 50. Kf3 Be5 51. h4 Kc4 52. b6 cxb6 53. Nxb6+ Kb5
54. Nd7 Bd6 55. Nf8 Kxc6 56. Ne6 Be5 57. Nd4+ 1/2-1/2

[Event "53rd Groningen Open 2015"]
[Site "Groningen NED"]
[Date "2015.12.29"]
[Round "8.24"]
[White "Drozdowski, Konrad"]
[Black "Ernst, Michael"]
[Result "1/2-1/2"]
[WhiteElo "1987"]
[BlackElo "2177"]
[WhiteFideId "1106279"]
[BlackFideId "1618393"]
[EventDate "2015.12.21"]

1. e4 e6 2. d4 d5 3. Nc3 Nf6 4. Bg5 dxe4 5. Nxe4 Nbd7 6. Nf3 h6 7. Bxf6 Nxf6 8.
Bd3 Nxe4 9. Bxe4 c5 10. O-O cxd4 11. Nxd4 Bc5 12. Nb3 Bd6 13. g3 O-O 14. Qd3 Qc7
15. Rfd1 Be5 16. c3 Rb8 17. Rd2 b6 18. Rad1 f5 19. Bg2 Bf6 20. Qd6 Qxd6 21. Rxd6
Be7 22. Rc6 Rd8 23. Rxd8+ Bxd8 24. Nd4 Kf7 25. Rc4 Bd7 26. Bc6 Ke7 27. Bxd7 Kxd7
28. Nc6 Rb7 29. Ne5+ Kd6 30. f4 Bf6 31. Rd4+ Ke7 32. Nc6+ Kf7 33. Rd6 Rc7 34.
Kf2 Be7 35. Ne5+ Kf6 36. Nd7+ Kf7 37. Ne5+ Kf6 38. Nd7+ Kf7 39. Ne5+ 1/2-1/2

[Event "53rd Groningen Open 2015"]
[Site "Groningen NED"]
[Date "2015.12.29"]
[Round "8.25"]
[White "Ratsma, Midas"]
[Black "Bianco, Valerio"]
[Result "0-1"]
[WhiteElo "2131"]
[BlackElo "2035"]
[WhiteFideId "1032283"]
[BlackFideId "800600"]
[EventDate "2015.12.21"]

1. d4 g6 2. c4 c5 3. d5 Bg7 4. Nc3 Nf6 5. e4 d6 6. Nf3 O-O 7. h3 e6 8. Bd3 Na6
9. O-O Nc7 10. Be3 Rb8 11. e5 dxe5 12. Bxc5 Re8 13. Bxa7 Ra8 14. Bb6 Nd7 15.
Bxc7 Qxc7 16. dxe6 Rxe6 17. Ng5 Re8 18. Nge4 Nf8 19. Nb5 Qe7 20. c5 Be6 21. Ned6
Red8 22. Be4 Rab8 23. Rc1 h6 24. a4 Nh7 25. Bd5 Nf6 26. Bxe6 Qxe6 27. Qc2 Bf8
28. Rfd1 Nd5 29. Qe4 Ne7 30. Nc7 Qd7 31. Nd5 Nxd5 32. Rxd5 Qc6 33. Qxe5 Qxa4 34.
Nxb7 Re8 35. Qc7 Qb3 36. Rd7 Rec8 37. Qf4 Rxb7 38. Rc3 Rb4 39. Qf3 Qe6 40. c6
Re4 41. Kh2 Bg7 42. Rb3 Rf4 43. Qd3 Be5 44. Kg1 Qxc6 45. g3 Re4 0-1

[Event "53rd Groningen Open 2015"]
[Site "Groningen NED"]
[Date "2015.12.29"]
[Round "8.26"]
[White "Bhattacharjee, Sourav"]
[Black "Andersen, Alf R."]
[Result "1-0"]
[WhiteElo "2067"]
[BlackElo "2163"]
[WhiteFideId "1048090"]
[BlackFideId "1503120"]
[EventDate "2015.12.21"]

1. e4 e6 2. d3 d5 3. Nd2 c5 4. Ngf3 Nf6 5. g3 Nc6 6. Bg2 Be7 7. O-O O-O 8. e5
Nd7 9. Re1 Qc7 10. Qe2 f6 11. exf6 Nxf6 12. Nb3 Bd6 13. c4 e5 14. Bg5 Bg4 15. h3
Bd7 16. Bxf6 Rxf6 17. cxd5 Nd4 18. Nbxd4 exd4 19. Ng5 Raf8 20. Ne4 R6f7 21. f4
h6 22. Rac1 b6 23. b4 Bb5 24. Nxd6 Qxd6 25. Qe6 Qd8 26. Be4 Bd7 27. Qg6 Bf5 28.
Bxf5 Rxf5 29. Qe6+ Kh8 30. bxc5 bxc5 31. Rxc5 R5f6 32. Qe7 Qb8 33. Rc7 Rg6 34.
Kh2 Kh7 35. d6 Rd8 36. f5 Rg5 37. h4 Rg4 38. Kh3 h5 39. f6 Qb4 40. fxg7 Rg8 41.
Re5 R8xg7 42. Rxh5+ Kg6 43. Qxg7+ 1-0

[Event "53rd Groningen Open 2015"]
[Site "Groningen NED"]
[Date "2015.12.29"]
[Round "8.27"]
[White "Schweitzer, Werner"]
[Black "Dehn, Marcus"]
[Result "0-1"]
[WhiteElo "2067"]
[BlackElo "2152"]
[WhiteFideId "1622927"]
[BlackFideId "4667093"]
[EventDate "2015.12.21"]

1. g3 d5 2. Bg2 e6 3. Nf3 Nf6 4. d3 Be7 5. c4 dxc4 6. Qa4+ Bd7 7. Qxc4 Bc6 8.
O-O O-O 9. b3 Nbd7 10. Bb2 Nb6 11. Qc2 a5 12. a3 Ne8 13. Nbd2 Nd6 14. Nc4 Nbxc4
15. bxc4 Bf6 16. Rab1 Re8 17. Ne5 Bxg2 18. Kxg2 a4 19. e4 Be7 20. Rfd1 f6 21.
Nf3 c6 22. Nd4 Qc8 23. Qe2 e5 24. Nc2 b5 25. Nb4 bxc4 26. dxc4 Nb7 27. Bc3 Nc5
28. h3 Qe6 29. Nc2 Nb3 30. Bb4 Bc5 31. Bxc5 Nxc5 32. Rb6 Rab8 33. Rxb8 Rxb8 34.
Nb4 h6 35. Qc2 Kh7 36. h4 Rb7 37. f3 Rd7 38. g4 h5 39. Rxd7 Qxd7 40. gxh5 Ne6
41. Nd3 Qxd3 0-1

[Event "53rd Groningen Open 2015"]
[Site "Groningen NED"]
[Date "2015.12.29"]
[Round "8.28"]
[White "Keetman, Maaike"]
[Black "Willemsma, Abe"]
[Result "1/2-1/2"]
[WhiteElo "2087"]
[BlackElo "2067"]
[WhiteFideId "1033697"]
[BlackFideId "1011561"]
[EventDate "2015.12.21"]

1. e4 e5 2. Nf3 Nc6 3. d4 exd4 4. Nxd4 Bc5 5. Nb3 Bb6 6. Nc3 Nf6 7. Qe2 O-O 8.
Bg5 h6 9. Bh4 Nd4 10. Nxd4 Bxd4 11. Qf3 Bxc3+ 12. bxc3 g5 13. e5 Re8 14. Bg3 d5
15. h4 Bg4 16. Qe3 Ne4 17. hxg5 Nxg3 18. Qxg3 Qxg5 19. f4 Qg7 20. Rh4 h5 21. Be2
Bxe2 22. Qxg7+ Kxg7 23. Kxe2 f6 24. Rxh5 fxe5 25. fxe5 Re6 26. Kd3 Rg6 27. Rah1
Rxg2 28. Rh7+ Kg6 29. R1h6+ Kf5 30. e6 Rag8 31. Rf7+ Ke5 32. Rf3 R8g3 33. Re3+
Rxe3+ 34. Kxe3 Rg7 35. Kd3 Re7 36. c4 dxc4+ 37. Kxc4 Kd6 38. Rh8 Rxe6 39. Rd8+
Kc6 40. Kb3 Re4 41. Rf8 Kb6 42. Rf6+ c6 43. Rf7 Ka6 44. Rc7 Re5 45. a4 Kb6 46.
Rg7 Re6 47. Rh7 c5 48. Rg7 Rc6 49. Kc4 Rh6 50. Kb3 Rh4 51. c3 Rh6 52. Rf7 Kc6
53. Rg7 a5 54. Rf7 b6 55. Rf8 Kd5 56. Rd8+ Rd6 57. Rb8 c4+ 58. Kb2 Ke4 59. Kc2
Rh6 60. Re8+ Kd5 61. Rd8+ Kc5 62. Rc8+ Rc6 63. Rb8 Rc7 64. Kb2 Kc6 65. Kc2 Kc5
66. Kb2 Rc6 67. Kc2 Kd6 68. Rd8+ Kc7 69. Rd4 Rc5 70. Rh4 b5 71. axb5 Kb6 72. Kb2
Kxb5 73. Ka3 Rg5 74. Rh8 Rg3 75. Rh5+ Kb6 76. Rh6+ 1/2-1/2

[Event "53rd Groningen Open 2015"]
[Site "Groningen NED"]
[Date "2015.12.29"]
[Round "8.29"]
[White "Hommes, Elmar"]
[Black "Hilwerda, Jonas"]
[Result "1-0"]
[WhiteElo "2078"]
[BlackElo "2012"]
[WhiteFideId "1017136"]
[BlackFideId "1046713"]
[EventDate "2015.12.21"]

1. Nf3 d5 2. d4 Nf6 3. c4 e6 4. g3 dxc4 5. Bg2 Bb4+ 6. Bd2 a5 7. Bxb4 axb4 8.
Ne5 Nd5 9. Nxc4 Nc6 10. O-O O-O 11. e3 b5 12. Ncd2 Nce7 13. Nb3 c6 14. N1d2 Ba6
15. Ne4 Nb6 16. Nbc5 Nc4 17. Qc2 Ra7 18. Nd3 Nd5 19. Nec5 Ndxe3 20. fxe3 Nxe3
21. Qf2 Nxf1 22. Rxf1 1-0

[Event "53rd Groningen Open 2015"]
[Site "Groningen NED"]
[Date "2015.12.29"]
[Round "8.30"]
[White "Taal, Rieks"]
[Black "Chaurette, Laurent"]
[Result "1/2-1/2"]
[WhiteElo "2071"]
[BlackElo "1987"]
[WhiteFideId "1043978"]
[BlackFideId "2623323"]
[EventDate "2015.12.21"]

1. c4 e5 2. Nc3 Nf6 3. Nf3 Nc6 4. d4 exd4 5. Nxd4 Bc5 6. Nxc6 bxc6 7. g3 Ng4 8.
e3 Ne5 9. f4 Ng6 10. Ne4 Bb4+ 11. Bd2 Qe7 12. Qf3 Rb8 13. O-O-O f5 14. Nf2 Ba6
15. b3 Qf6 16. Kb1 O-O 17. Bxb4 Rxb4 18. Nd3 Rb6 19. Nc5 Rfb8 20. e4 Bc8 21.
Nxd7 Bxd7 22. Rxd7 fxe4 23. Qe3 a5 24. Rd4 a4 25. c5 Rxb3+ 26. axb3 Rxb3+ 27.
Qxb3+ axb3 28. Bc4+ Kh8 29. Rxe4 h5 30. Bxb3 Qc3 31. Bc2 Qxc5 32. Rd1 Nf8 33.
Rd8 g6 34. Ree8 Qg1+ 35. Kb2 Qb6+ 36. Kc1 Qg1+ 37. Kb2 Qb6+ 1/2-1/2

[Event "53rd Groningen Open 2015"]
[Site "Groningen NED"]
[Date "2015.12.29"]
[Round "8.31"]
[White "Ratsma, Rosa"]
[Black "Yaaqoub, Rashid"]
[Result "1-0"]
[BlackTitle "FM"]
[WhiteElo "2059"]
[BlackElo "2175"]
[WhiteFideId "1033662"]
[BlackFideId "12200336"]
[EventDate "2015.12.21"]

1. e4 e5 2. Nf3 Nc6 3. Bb5 a6 4. Ba4 Nf6 5. d3 b5 6. Bb3 Be7 7. O-O O-O 8. Re1
d6 9. c3 Bb7 10. Nbd2 Nd7 11. Nf1 Na5 12. Bc2 c5 13. Ng3 g6 14. Bh6 Re8 15. Qd2
Bf6 16. Rad1 Nf8 17. h3 Ne6 18. Nh2 Bg5 19. Bxg5 Qxg5 20. Qxg5 Nxg5 21. d4 exd4
22. cxd4 cxd4 23. f4 Ne6 24. f5 Nd8 25. Ng4 Kg7 26. Rxd4 d5 27. e5 Ndc6 28. Rxd5
Nb4 29. Rc5 Nc4 30. Bb1 Rac8 31. Rxc8 Bxc8 32. e6 fxe6 33. f6+ Kf8 34. Ne4 h5
35. Nh6 Nd5 36. Rf1 Nce3 37. Ng5 Nxf6 38. Rxf6+ Ke7 39. Rf7+ Kd6 40. Bxg6 Nc4
41. Rf2 Re7 42. Bxh5 e5 43. b3 Ne3 44. Rd2+ Kc5 45. Kf2 Nf5 46. Rc2+ Kd4 47. Ng8 1-0

[Event "53rd Groningen Open 2015"]
[Site "Groningen NED"]
[Date "2015.12.29"]
[Round "8.32"]
[White "Hagesather, Ellen"]
[Black "Halfhide, Sebastian"]
[Result "1/2-1/2"]
[WhiteTitle "WIM"]
[WhiteElo "2172"]
[BlackElo "2119"]
[WhiteFideId "1501909"]
[BlackFideId "1045946"]
[EventDate "2015.12.21"]

1. e4 c5 2. Nc3 e6 3. g3 Nc6 4. Bg2 g6 5. d3 Bg7 6. f4 Nge7 7. Nf3 d6 8. O-O O-O
9. a4 Rb8 10. Ne2 a6 11. c3 e5 12. Be3 exf4 13. gxf4 Bg4 14. h3 Bxf3 15. Rxf3 f5
16. e5 dxe5 17. Bxc5 Re8 18. fxe5 Nxe5 19. Re3 Kh8 20. Qb3 b6 21. Bxe7 Qxe7 22.
d4 Qg5 23. Rg3 Qd2 24. Qd1 Qxd1+ 25. Rxd1 Nc4 26. Nf4 Nxb2 27. Ra1 Rbc8 28. Nd5
b5 29. axb5 axb5 30. Rb1 Na4 31. Kf1 Bh6 32. Rd3 Rb8 1/2-1/2

[Event "53rd Groningen Open 2015"]
[Site "Groningen NED"]
[Date "2015.12.29"]
[Round "8.33"]
[White "Pajeken, Jakob Leon"]
[Black "Henseler, Jorgen"]
[Result "1-0"]
[WhiteElo "2101"]
[BlackElo "2044"]
[WhiteFideId "12942839"]
[BlackFideId "1023233"]
[EventDate "2015.12.21"]

1. e4 e5 2. Nf3 Nc6 3. Bc4 Nf6 4. d3 Be7 5. O-O O-O 6. Re1 d6 7. a4 Kh8 8. h3
Ng8 9. Nc3 f5 10. Nd5 f4 11. d4 Nh6 12. b4 Bf6 13. Bb2 Nf7 14. Nxf6 gxf6 15. b5
Nxd4 16. Nxd4 exd4 17. Bxf7 Rxf7 18. Qxd4 Be6 19. Rad1 Qd7 20. Rd3 Rg8 21. Kh2
Rg6 22. Rg1 Rfg7 23. Qxa7 Qc8 24. Qa5 Qg8 25. g3 Rh6 26. h4 Rg4 27. Qc3 Rgxh4+
28. gxh4 Rxh4+ 29. Rh3 Rxh3+ 30. Qxh3 Qxg1+ 31. Kxg1 Bxh3 32. Bxf6+ Kg8 33. Bd8
c6 34. bxc6 bxc6 35. Bc7 d5 36. exd5 cxd5 37. Bxf4 d4 38. a5 Bf5 39. a6 Bxc2 40.
Be5 Be4 41. Bxd4 Kf7 42. Kh2 Kg6 43. Kg3 Kg5 44. f3 Bc6 45. f4+ Kf5 46. Be5 h5
47. Bc7 Bd5 48. Kh4 Kg6 49. Bb6 Bc6 50. Bg1 Be4 51. Bh2 Bc6 52. a7 Be4 53. Kh3
Kf5 54. Kg3 Ke6 55. Kh4 Kf5 56. Kxh5 Bd5 57. Kh6 Kf6 58. Kh7 Kf7 59. Bg1 Kf6 60.
Be3 Kf7 61. Bd4 Be4+ 62. Kh6 Ke6 63. Kg5 Kf7 64. f5 1-0

[Event "53rd Groningen Open 2015"]
[Site "Groningen NED"]
[Date "2015.12.29"]
[Round "8.34"]
[White "Van Baar, Esper"]
[Black "Veltman, Anne"]
[Result "1/2-1/2"]
[WhiteElo "2002"]
[BlackElo "2032"]
[WhiteFideId "1049321"]
[BlackFideId "1026917"]
[EventDate "2015.12.21"]

1. e4 e6 2. d4 d5 3. Nd2 Nc6 4. Ngf3 Nf6 5. e5 Nd7 6. c3 f6 7. Bb5 fxe5 8. dxe5
Be7 9. Nd4 Ndxe5 10. f4 a6 11. Qh5+ Kd7 12. Bxc6+ Nxc6 13. N2f3 Qe8 14. Qh3 Bf6
15. Be3 b6 16. O-O Nxd4 17. Bxd4 Kc6 18. Ne5+ Kb7 19. Rae1 c5 20. Bf2 g6 21. Bh4
Bxh4 22. Qxh4 Ra7 23. g4 Ka8 24. Nf3 Rc7 25. Re5 Rf8 26. Qg3 Qa4 27. Ng5 Rf6 28.
a3 Kb7 29. Qe3 d4 30. Qe4+ Ka7 31. Nxe6 Bxe6 32. Rxe6 Rxe6 33. Qxe6 dxc3 34.
bxc3 Qxa3 35. Qe5 Kb7 36. Qd5+ Ka7 37. Qe5 Kb7 38. Qd5+ Kb8 39. Qd8+ Kb7 40.
Qd5+ Ka7 41. Qe5 Rf7 42. f5 gxf5 43. gxf5 c4 44. f6 Qc5+ 45. Qxc5 bxc5 46. Kg2
Kb6 47. Kg3 Kb5 48. Kg4 Ka4 49. Kf5 Kb3 50. Ke6 Rf8 51. Ke7 Ra8 52. f7 a5 53.
f8=Q Rxf8 54. Kxf8 a4 55. Kg7 h5 56. Kg6 Kxc3 57. Kxh5 Kb2 58. Kg4 a3 59. h4 c3
60. h5 c2 61. h6 c1=Q 62. Rxc1 Kxc1 63. h7 a2 64. h8=Q Kb1 1/2-1/2

[Event "53rd Groningen Open 2015"]
[Site "Groningen NED"]
[Date "2015.12.30"]
[Round "9.1"]
[White "Boruchovsky, Avital"]
[Black "Shyam, Sundar M."]
[Result "0-1"]
[WhiteTitle "GM"]
[BlackTitle "GM"]
[WhiteElo "2540"]
[BlackElo "2485"]
[WhiteFideId "2800055"]
[BlackFideId "5019141"]
[EventDate "2015.12.21"]

1. d4 Nf6 2. c4 e6 3. Nf3 d5 4. g3 dxc4 5. Bg2 Nbd7 6. Nbd2 b5 7. Ne5 Nxe5 8.
Bxa8 Qxd4 9. O-O Bc5 10. Nf3 Nxf3+ 11. Bxf3 Qxd1 12. Rxd1 Ke7 13. Bf4 Bd6 14.
Bc6 Bd7 15. Bxd7 Nxd7 16. a4 Rb8 17. axb5 Rxb5 18. Rxa7 Rxb2 19. Kf1 e5 20. Bd2
Ke6 21. Be3 c3 22. Rc1 Rb3 23. Ra4 Ba3 24. Re1 Nb6 25. Ra7 Nd5 26. Ra6+ Ke7 27.
Bc1 Bb2 28. Ra5 Ke6 29. Rd1 Nb4 30. Bxb2 cxb2 31. Rb1 Kd6 32. Ra8 Kd7 33. Ra5
Kd6 34. Ra8 Kd5 35. Ke1 Nc2+ 36. Kd2 Na3 37. Rxa3 Rxa3 38. Rxb2 Ra7 39. h4 c5
40. f3 f5 41. Rb8 Ra2+ 42. Ke3 f4+ 43. gxf4 exf4+ 44. Kf2 c4 45. Rb7 c3 46. Rxg7
Ra6 47. e4+ Kc4 48. Rc7+ Kb3 49. Rb7+ Ka3 50. Ke2 Rd6 51. Rxh7 c2 52. Rc7 Kb2
53. Rb7+ Kc1 54. h5 Rd2+ 55. Ke1 Rd1+ 56. Ke2 Rh1 57. Rb5 Rh3 58. Rc5 Rh2+ 59.
Kf1 Kd2 60. Kg1 Rxh5 0-1

[Event "53rd Groningen Open 2015"]
[Site "Groningen NED"]
[Date "2015.12.30"]
[Round "9.2"]
[White "Kasparov, Sergey"]
[Black "Van Foreest, Jorden"]
[Result "0-1"]
[WhiteTitle "GM"]
[BlackTitle "IM"]
[WhiteElo "2485"]
[BlackElo "2547"]
[WhiteFideId "13500481"]
[BlackFideId "1039784"]
[EventDate "2015.12.21"]

1. e4 c5 2. Nf3 e6 3. d4 cxd4 4. Nxd4 Nc6 5. Nb5 d6 6. c4 Nf6 7. N1c3 a6 8. Na3
Be7 9. Be2 O-O 10. O-O b6 11. Be3 Bb7 12. Qb3 Ne5 13. f3 Ned7 14. Rfd1 Re8 15.
Rac1 Rc8 16. Rd2 d5 17. e5 dxc4 18. Bxc4 Nd5 19. Bxd5 Bxd5 20. Qd1 Bxa3 21. bxa3
Nxe5 22. Nxd5 Rxc1 23. Qxc1 exd5 24. Qd1 Nc4 25. Rxd5 Qe7 26. Bf2 Ne3 27. Bxe3
Qxe3+ 28. Kf1 Qxa3 29. Rd8 Qe7 30. Rxe8+ Qxe8 31. Qd6 Qb5+ 32. Kf2 h6 33. Ke3
Qg5+ 34. Kf2 Qh4+ 35. Ke3 Qe1+ 36. Kf4 Qe2 37. Qxb6 Qxa2 38. Kg3 a5 39. h4 h5
40. Qb5 g6 41. f4 a4 42. Qe8+ Kh7 43. f5 gxf5 44. Qd7 Qb3+ 45. Kh2 Kg6 46. Qd8
Qe3 47. Qg8+ Kf6 48. Qh8+ Ke7 49. Qxh5 Qe5+ 50. Kh3 a3 51. Qg5+ Kd7 52. Qd2+ Qd6
53. Qa5 f4 54. Qa7+ Ke8 55. Qa8+ Ke7 56. Kh2 f3+ 57. g3 Qd3 58. Qa7+ Kf6 59. Kh3
Kg7 60. h5 Qf5+ 61. g4 Qf6 62. h6+ Qxh6+ 63. Kg3 Qd6+ 64. Kxf3 Qd5+ 65. Kg3 a2
66. Kf4 Qd2+ 67. Kf5 Qc2+ 0-1

[Event "53rd Groningen Open 2015"]
[Site "Groningen NED"]
[Date "2015.12.30"]
[Round "9.3"]
[White "Golubov, Saveliy"]
[Black "Kuipers, Stefan"]
[Result "1/2-1/2"]
[WhiteTitle "IM"]
[BlackTitle "IM"]
[WhiteElo "2452"]
[BlackElo "2398"]
[WhiteFideId "24176729"]
[BlackFideId "1018400"]
[EventDate "2015.12.21"]

1. e4 d6 2. d4 Nf6 3. Nc3 e5 4. Nf3 Nbd7 5. Bc4 Be7 6. O-O O-O 7. a4 a5 8. Re1
c6 9. Ba2 exd4 10. Nxd4 Re8 11. Nf5 Ne5 12. Nxe7+ Qxe7 13. Bg5 Ng6 14. Qd4 Be6
15. Rad1 Bxa2 16. Nxa2 d5 17. Bxf6 gxf6 18. Nc3 Rad8 19. Kf1 dxe4 20. Qxe4 Rxd1
21. Qxe7 Rxe1+ 22. Qxe1 Rxe1+ 23. Kxe1 Kf8 24. g3 Ne5 25. Ke2 Ke7 26. f4 Nd7 27.
g4 Ke6 28. Ke3 f5 29. gxf5+ Kxf5 30. Ne4 b6 31. c3 Nf6 32. Nd6+ Ke6 33. Nc4 1/2-1/2

[Event "53rd Groningen Open 2015"]
[Site "Groningen NED"]
[Date "2015.12.30"]
[Round "9.4"]
[White "Werle, Jan"]
[Black "Maris, Ivo"]
[Result "0-1"]
[WhiteTitle "GM"]
[BlackTitle "FM"]
[WhiteElo "2542"]
[BlackElo "2352"]
[WhiteFideId "1006088"]
[BlackFideId "1028146"]
[EventDate "2015.12.21"]

1. d4 Nf6 2. c4 g6 3. Nf3 Bg7 4. g3 O-O 5. Bg2 d6 6. O-O Nbd7 7. Nc3 e5 8. e4 h6
9. d5 Nc5 10. Ne1 a5 11. Be3 Ng4 12. Bxc5 dxc5 13. Nd3 Qe7 14. Qe2 Bd7 15. Bh3
h5 16. f3 Nf6 17. Bxd7 Nxd7 18. f4 Nb6 19. f5 Nxc4 20. Na4 b6 21. fxg6 fxg6 22.
Ndxc5 Nxb2 23. Qxb2 bxc5 24. Qc3 Rxf1+ 25. Rxf1 Bf8 26. Nb2 c4 27. Nxc4 Qc5+ 28.
Kg2 Bg7 29. Qd3 Rb8 30. Rf2 Rb4 31. Rc2 Rb1 32. Ne3 Qd4 33. Qxd4 exd4 34. Nc4 d3
35. Rd2 Rb4 36. Nxa5 Bc3 37. Rxd3 Rb2+ 38. Kf3 Bxa5 39. h4 Rxa2 40. g4 hxg4+ 41.
Kxg4 Rg2+ 42. Kf3 Rh2 43. Kg3 Rh1 44. e5 Rc1 45. d6 cxd6 46. Rxd6 Kf7 47. Kf4
Bc7 48. Rf6+ Kg7 49. h5 Bxe5+ 0-1